000 00384nam a22001217a 4500
008 230621b xxu||||| |||| 00| 0 eng d
082 _a328.03
_bNAZ
110 _bNational Assembly of Zambia
245 _aParliamentary Procedure Abstract Series 5
_bOfficers of the Legislative Body Since 1948
260 _bNational Assembly Research Department
_c1995
300 _a4p
942 _2ddc
_cBK
999 _c2032
_d2032